Plan de expansión de referencia generación - generación - transmisión 2013-2027 / (Registro nro. 19168)

Detalles MARC
000 -CABECERA
Campo de control 01169nam a2200253 a 4500
005 - FECHA Y HORA DE LA ULTIMA TRANSACCION
Campo de control 20180804042815.0
008 - ELEMENTOS DE LONGITUD FIJA—INFORMACION GENERAL
Campo de control 140206s2014 ck abd gr 00010 spa d
020 ## - ISBN
ISBN 9789588363202
040 ## - FUENTE DE CATALOGACIÓN
Agencia catalogadora original CO-BoIAVH
Agencia transcriptora CO-BoIAVH
041 0# - IDIOMA
Código de idioma para texto/pista de sonido o título separado Español
044 ## - PAÍS DE PUBLICACIÓN
País de publicación Colombia
082 04 - NUMERO DE CLASIFICACION DECIMAL DEWEY
Número de clasificación 621.31
Número del ítem C71p
110 2# - ASIENTO PRINCIPAL--NOMBRE CORPORATIVO
Nombre corporativo o de jurisdicción como elemento de entrada Colombia
Unidad subordinad Ministerio de Minas y Energía
9 (RLIN) 92752
245 10 - MENCION DE TITULO
Título Plan de expansión de referencia generación - generación - transmisión 2013-2027 /
Mención de responsabilidad Ministerio de Minas y Energía, Unidad de Planeación Minero Energética.
260 ## - PUBLICACION, DISTRIBUCION, ETC. (PIE DE IMPRENTA)
Lugar de publicación, distribución, etc. Bogotá (Colombia) :
Nombre del editor, distribuidor, etc. Ministerio de Minas y Energía. UPME,
Fecha de publicación, distribución, etc. 2014?.
300 ## - DESCRIPCION FISICA
Extensión 380 páginas :
Otros detalles físicos ilustraciones a color, mapas y gráficas ;
Dimensiones 28 x 22 cm.
500 ## - NOTA GENERAL
Nota general Incluye anexos.
650 26 - ASIENTO SECUNDARIO DE MATERIA - TERMINO TEMATICO
Término temático o nombre geográfico como elemento de entrada Suministro de energía eléctrica
Subdivisión geográfica Colombia
Subdivisión cronológica 2013-2027
9 (RLIN) 77777
650 26 - ASIENTO SECUNDARIO DE MATERIA - TERMINO TEMATICO
Término temático o nombre geográfico como elemento de entrada Suministro de energía eléctrica
Subdivisión general Planificación
Subdivisión geográfica Colombia
Subdivisión cronológica 2013-2027
9 (RLIN) 77778
650 26 - ASIENTO SECUNDARIO DE MATERIA - TERMINO TEMATICO
Término temático o nombre geográfico como elemento de entrada Suministro de energía eléctrica
Subdivisión general Aspectos económicos
Subdivisión geográfica Colombia
Subdivisión cronológica 2013-2027
9 (RLIN) 77779
650 26 - ASIENTO SECUNDARIO DE MATERIA - TERMINO TEMATICO
Término temático o nombre geográfico como elemento de entrada Energía eléctrica
Subdivisión general Planificación
Subdivisión geográfica Colombia
Subdivisión cronológica 2013-2027
9 (RLIN) 77780
650 26 - ASIENTO SECUNDARIO DE MATERIA - TERMINO TEMATICO
Término temático o nombre geográfico como elemento de entrada Generación de energía
Subdivisión geográfica Colombia
Subdivisión cronológica 2013-2027
9 (RLIN) 77781
942 ## - ELEMENTOS ADICIONALES (KOHA)
Sistema de clasificación Dewey Decimal Classification
Tipo de ítem Libro
Existencias
Withdrawn status Lost status Sistema de Clasificación Damaged status No para préstamo Colección Inventariado Ubicación Permanente Ubicación actual Fecha de adquisición Fuente de Valor Valor Total Checkouts Número topográfico Inventario / Código de Barras Date last seen Ejemplar Price effective from Forma de adquisición Tipo de material
    Dewey Decimal Classification     General Inventariado 2017 Bogotá Bogotá 14/12/2016 Instituto 39000.00   LB-621.31 C71p 040861 14/12/2016 Ej. 1 14/12/2016 Canje Libro